Connecting nations: Politico-cultural mapping of India and South East Asia (Record no. 34048)

MARC details
000 -LEADER
fixed length control field 00514nam a2200169Ia 4500
008 - FIXED-LENGTH DATA ELEMENTS--GENERAL INFORMATION
fixed length control field 230917s9999||||xx |||||||||||||| ||und||
020 ## - ISBN
Price RS995
040 ## - CATALOGING SOURCE
-- 258329
Original cataloging agency VIVEKANANDA LIBRARY
041 ## - Language
-- English
082 ## - DDC NUMBER
Classification number 327.54059 D954C
100 ## - MAIN ENTRY--PERSONAL NAME
Personal name Dutta, Achintya Kumar, ed.
245 #0 - TITLE STATEMENT
Title Connecting nations: Politico-cultural mapping of India and South East Asia
260 ## - PUBLICATION, DISTRIBUTION, ETC. (IMPRINT)
Place of publication, distribution, etc Delhi
Name of publisher, distributor, etc Primus Books
Date of publication, distribution, etc 2019
300 ## - PHYSICAL DESCRIPTION
Pages viii, 213 p.
500 ## - GENERAL NOTE
General note 3860 18/12/2019 HBD19/7962 19/10/2019 Dr. Mangal Sen Chair
942 ## - ADDED ENTRY ELEMENTS (KOHA)
Koha item type Books
Holdings
Withdrawn status Lost status Damaged status Not for loan Location (home branch) Sublocation or collection (holding branch) Date acquired Koha issues (times borrowed) Koha full call number Accession No. Koha date last seen Koha item type
        VIVEKANANDA LIBRARY VIVEKANANDA LIBRARY 09/12/2019   327.54059 D954C 389774 17/09/2023 Books
© Designed and Maintained by Vivekananda Library, MDU Rohtak